00481nam a2200205Ia 4500003000900000008004100009040001300050040001300063041000800076100001700084245005800101250001200159260001500171260000900186300001100195300001200206300001000218490004100228490000600269IT-RoPAU120407s9999 xx 000 0 und d aIT-RoPAU cIT-RoPAU aita aFranz Courth aI Sacramenti. Un trattato per lo studio e la prassi. aBrescia aQueriniana c1999 a494 p. bBrossu. c23 cm aBiblioteca di Teologia Contemp., 106 v1